Teheránska konferencia Od prvého stretnutia veľkej trojky uplynulo päťdesiat rokov

Podrobná bibliografia
Hlavný autor: Hudák, Vladimír (Autor)
Médium: Článok
Jazyk:slovenčina
Fyzický popis:Fotogr. 6
Predmet:

MARC

LEADER 00000nab a2200000 a 4500
001 vtls000500422
003 SK-MaSNL
005 20260303020308.0
008 180405c1993 xo 0 slo
015 |a SNBRB19rr/mm-uuuuu 
035 |a CL0500560 
040 |a SNKBUCL  |b slo  |c SNKBUCL  |e AACR2 
041 0 |a slo 
044 |a xo  |c SK 
080 |a 940.53  |2 1981 
100 1 |a Hudák, Vladimír  |4 aut  |9 476652 
245 1 0 |a Teheránska konferencia  |b Od prvého stretnutia veľkej trojky uplynulo päťdesiat rokov  |c Vladimír Hudák 
300 |b Fotogr. 6 
650 0 7 |a druhá svetová vojna (1939-1945)  |2 snkbucl  |9 169657 
650 0 7 |a Teheránska konferencia  |2 snkbucl  |9 924995 
655 7 |a články z novín a časopisov  |2 snkbucl  |9 267496 
773 0 |t Práca  |g Roč. 48, č. 277 (27. 11. 1993), s. 17 
850 |a Slovenská národná knižnica v Martine  |a MTA001 
852 |a SNK  |b KIS3GCP 
958 |a RK 
992 |a RBX 
999 |c 1617513  |d 1619443